[Event "Titled Tue 27th May Early"]
[Site "chess.com INT"]
[Date "2025.05.27"]
[Round "4"]
[White "Harshit, Ranjan Sahu"]
[Black "Puzyrevsky, Semyon"]
[Result "1/2-1/2"]
[WhiteTitle "CM"]
[BlackTitle "FM"]
[WhiteElo "2214"]
[BlackElo "2253"]
[WhiteFideId "25638815"]
[BlackFideId "24240931"]
[EventDate "2025.05.27"]

1. e4 c5 2. Nc3 g6 3. f4 Bg7 4. Nf3 e6 5. Bc4 Ne7 6. d3 Nbc6 7. O-O O-O 8. Qe1
d5 9. Bb3 Nd4 10. Nxd4 cxd4 11. Nd1 dxe4 12. dxe4 a5 13. a4 b6 14. Nf2 Nc6 15.
Nd3 Ba6 16. f5 exf5 17. exf5 Kh8 18. Qg3 Bxd3 19. cxd3 Be5 20. Qh3 Qd7 21. Bh6
Rg8 22. Rae1 gxf5 23. Rxf5 Rg6 24. Qh5 Rxh6 25. Qxh6 Qxf5 26. Qxc6 Rg8 27. Qd5
Rg5 28. g3 f6 29. Qd8+ Kg7 30. Qe7+ Kh6 31. Qf8+ Rg7 32. Re4 Qg5 33. Kh1 Qc1+
34. Kg2 Qg5 35. Kh1 Qc1+ 36. Kg2 Qg5 37. Kh1 1/2-1/2

[Event "Titled Tue 27th May Early"]
[Site "chess.com INT"]
[Date "2025.05.27"]
[Round "4"]
[White "Budhidharma, Nayaka"]
[Black "Ser, Daniel"]
[Result "0-1"]
[WhiteTitle "IM"]
[BlackTitle "CM"]
[WhiteElo "2390"]
[BlackElo "2005"]
[WhiteFideId "7106955"]
[BlackFideId "12829404"]
[EventDate "2025.05.27"]

1. Nc3 d5 2. e4 c6 3. Nf3 dxe4 4. Nxe4 Nf6 5. Ng3 h5 6. d4 h4 7. Ne2 h3 8. Bf4
Bg4 9. Qd3 e6 10. O-O-O Nbd7 11. Rg1 hxg2 12. Bxg2 Bf5 13. Qd2 Nb6 14. Ng3 Ne4
15. Nxe4 Bxe4 16. Kb1 Qd5 17. Ne1 Nc4 18. Qc3 Bxg2 19. Nxg2 Qb5 20. Ne3 Nxe3 21.
fxe3 O-O-O 22. Rg5 Qe2 23. Re1 Qf2 24. Ra5 Bd6 25. Bxd6 Rxd6 26. Rxa7 Rxh2 27.
Rc1 Qd2 28. Qc5 Rd5 29. Qf8+ Kc7 30. Qxf7+ Rd7 31. Rxb7+ Kxb7 32. Qxd7+ Kb6 33.
Qxe6 Re2 34. Qb3+ Kc7 35. Qf7+ Kb6 36. Qxg7 Re1 37. a4 Rxc1+ 38. Ka2 Qxc2 39.
a5+ Ka6 40. d5 Qa4# 0-1

[Event "Titled Tue 27th May Early"]
[Site "chess.com INT"]
[Date "2025.05.27"]
[Round "4"]
[White "Marynychenko, Yehor"]
[Black "Vlassov, Nikolai"]
[Result "0-1"]
[WhiteTitle "CM"]
[BlackTitle "IM"]
[WhiteElo "2183"]
[BlackElo "2291"]
[WhiteFideId "34160558"]
[BlackFideId "4103360"]
[EventDate "2025.05.27"]

1. e4 Nc6 2. d4 d5 3. exd5 Qxd5 4. Nf3 Bg4 5. Be2 O-O-O 6. Nc3 Qh5 7. h3 Nf6 8.
O-O Nxd4 9. Nxd4 Bxe2 10. Qxe2 Rxd4 11. Qxh5 Nxh5 12. Be3 Rc4 13. Rad1 e6 14.
Rd2 Be7 15. Rfd1 Rd8 16. Rxd8+ Bxd8 17. Nb5 Bf6 18. c3 a6 19. Na3 Ra4 20. Rd3
Nf4 21. Bxf4 Rxf4 22. Nc2 Ra4 23. a3 Rc4 24. Ne3 Rc6 25. Ng4 Rd6 26. Rf3 e5 27.
Ne3 Kd7 28. g4 Ke6 29. Kg2 Rd2 30. Nc4 Rc2 31. b4 e4 32. Re3 Rxc3 33. Na5 Rxe3
34. fxe3 b6 35. Nc4 Kd5 36. Nd2 Bb2 37. Nf1 Bxa3 38. Ng3 Bxb4 39. Nf5 a5 40.
Nxg7 a4 41. Nf5 Bc3 42. Nd4 Bxd4 0-1

[Event "Titled Tue 27th May Early"]
[Site "chess.com INT"]
[Date "2025.05.27"]
[Round "4"]
[White "El Zein, Zayne-Eddine"]
[Black "Vasquez Schroeder, Rodrigo"]
[Result "0-1"]
[WhiteTitle "CM"]
[BlackTitle "GM"]
[WhiteElo "2146"]
[BlackElo "2446"]
[WhiteFideId "5313210"]
[BlackFideId "3400042"]
[EventDate "2025.05.27"]

1. e4 e6 2. d3 d5 3. Nd2 c5 4. Ngf3 Nc6 5. g3 g6 6. Bg2 Bg7 7. O-O Nge7 8. c3 h6
9. Re1 Qc7 10. Nb3 b6 11. d4 dxe4 12. Rxe4 cxd4 13. Nbxd4 O-O 14. Bf4 Qd7 15.
Nb5 Nd5 16. c4 Nxf4 17. Rxf4 e5 18. Re4 f5 19. Nxe5 Nxe5 20. Rxe5 Bxe5 21. Bxa8
Bxb2 22. Rb1 Qxd1+ 23. Rxd1 Be6 24. Bd5 Bxd5 25. cxd5 Rf7 26. d6 Rd7 27. Nxa7
Ba3 28. Nb5 Bc5 29. a4 Kf7 30. Kg2 Ke6 31. Re1+ Kd5 32. Rd1+ Kc4 33. Rc1+ Kb4
34. Rb1+ Kxa4 35. Nc3+ Ka5 36. Ra1+ Kb4 37. Nd5+ Kc4 38. Nf4 Rxd6 39. Rc1+ Kb5
40. Rb1+ Kc6 41. h4 g5 42. hxg5 hxg5 43. Nh3 Rd2 44. Nxg5 Rxf2+ 45. Kh3 Be3 46.
Ne6 Kd5 47. Nc7+ Kd6 48. Nb5+ Kc6 49. Nc3 Bd4 50. Nd1 Rf1 51. Rc1+ Kd6 52. Rb1
b5 53. Kg2 Rg1+ 54. Kf3 Be5 55. Nc3 Rxg3+ 56. Kf2 Rxc3 57. Rxb5 Ke6 58. Rb6+ Kd5
59. Rb5+ Ke4 60. Rb4+ Bd4+ 0-1

[Event "Titled Tue 27th May Early"]
[Site "chess.com INT"]
[Date "2025.05.27"]
[Round "4"]
[White "Cernov, Henrik"]
[Black "Fikiet, Alex"]
[Result "1/2-1/2"]
[WhiteTitle "FM"]
[WhiteElo "2325"]
[BlackElo "2151"]
[WhiteFideId "16258312"]
[BlackFideId "2052717"]
[EventDate "2025.05.27"]

1. e4 c5 2. Nf3 d6 3. d4 cxd4 4. Nxd4 Nf6 5. Nc3 Nc6 6. Nd5 Nxd5 7. exd5 Qa5+ 8.
Bd2 Qxd5 9. Nb5 Qe6+ 10. Be2 Qd7 11. c4 a6 12. Nc3 e6 13. O-O Be7 14. a3 O-O 15.
b4 Bf6 16. Rc1 b6 17. b5 axb5 18. Nxb5 Rd8 19. Be3 Rb8 20. Qd2 Ba6 21. Rfd1 Bxb5
22. cxb5 Ne7 23. a4 d5 24. Bd4 Bxd4 25. Qxd4 Nf5 26. Qb2 Rdc8 27. Bd3 Nd6 28.
Qb4 Rc7 29. Rxc7 Qxc7 30. h4 Rc8 31. h5 h6 32. Qf4 Nc4 33. Qc1 Ne5 34. Qd2 Nxd3
35. Qxd3 Qc4 36. Qa3 Rc5 37. a5 Rxb5 38. a6 Ra5 39. Qe7 Qxa6 40. Qe8+ Kh7 41.
Qxf7 Ra1 42. Qg6+ Kg8 43. Qxe6+ Kh8 44. Qe8+ Kh7 45. Qg6+ Kh8 46. Qe8+ Kh7 47.
Qg6+ Kh8 48. Qe8+ 1/2-1/2

[Event "Titled Tue 27th May Early"]
[Site "chess.com INT"]
[Date "2025.05.27"]
[Round "4"]
[White "Antonio, Jorge Carlos"]
[Black "Vedant Rupeshbhai Varasada"]
[Result "1/2-1/2"]
[WhiteTitle "FM"]
[BlackTitle "CM"]
[WhiteElo "2277"]
[BlackElo "1971"]
[WhiteFideId "113190"]
[BlackFideId "25156527"]
[EventDate "2025.05.27"]

1. d4 Nf6 2. Nf3 g6 3. c4 Bg7 4. Nc3 O-O 5. e4 d6 6. Be2 e5 7. O-O Nc6 8. d5 Ne7
9. Ne1 Nd7 10. Be3 f5 11. f3 f4 12. Bf2 g5 13. Rc1 Nf6 14. c5 Ng6 15. cxd6 cxd6
16. Nb5 Rf7 17. Qc2 Ne8 18. Nxa7 Bd7 19. Nb5 h5 20. Qb3 g4 21. Nd3 g3 22. hxg3
fxg3 23. Bxg3 h4 24. Bh2 Qg5 25. Nc7 Nxc7 26. Rxc7 Bh3 27. Rf2 Rxc7 28. f4 exf4
29. Bxf4 Nxf4 30. Nxf4 Bd4 31. Nxh3 Rc1+ 32. Kh2 Qg3+ 33. Qxg3+ hxg3+ 34. Kxg3
Bxf2+ 35. Nxf2 Rxa2 36. Bf3 Rc2 37. Ng4 Raxb2 38. e5 dxe5 39. Nxe5 Rb5 40. Kf4
Rd2 41. Ng6 Kf7 42. Ne5+ Ke7 43. Ng6+ Kd6 44. g4 Rb4+ 45. Ke3 Rxd5 46. Bxd5 Kxd5
47. Nf4+ Kd6 48. g5 Ke7 49. Nd5+ Kf7 50. Nxb4 Kg6 51. Kd4 Kxg5 52. Kc5 Kf5 53.
Kb6 Ke5 54. Kxb7 1/2-1/2

[Event "Titled Tue 27th May Early"]
[Site "chess.com INT"]
[Date "2025.05.27"]
[Round "4"]
[White "Yang, Kaiqi"]
[Black "Szpar, Milosz"]
[Result "1-0"]
[WhiteTitle "GM"]
[BlackTitle "IM"]
[WhiteElo "2481"]
[BlackElo "2475"]
[WhiteFideId "8604398"]
[BlackFideId "1184989"]
[EventDate "2025.05.27"]

1. e4 e6 2. d4 d5 3. Nc3 Nf6 4. e5 Nfd7 5. f4 c5 6. Nf3 Nc6 7. Be3 Be7 8. dxc5
Bxc5 9. Bxc5 Nxc5 10. a3 Qb6 11. b4 Ne4 12. Nxe4 dxe4 13. Nd2 Qe3+ 14. Qe2 Qc3
15. O-O-O Qxa3+ 16. Kb1 Nxb4 17. Qb5+ Kf8 18. Qc5+ Kg8 19. Bc4 b6 20. Qe7 Ba6
21. Nxe4 h6 22. Bb3 Nxc2 23. Qxa3 Nxa3+ 24. Kb2 Nc4+ 25. Bxc4 Bxc4 26. Rd7 Bd5
27. Nd6 Kh7 28. Rc1 Rhf8 29. Rcc7 Bxg2 30. Nxf7 Rac8 31. Rxa7 Kg6 32. Nd6 Kh5
33. Rxg7 Bf3 34. Nf7 1-0

[Event "Titled Tue 27th May Early"]
[Site "chess.com INT"]
[Date "2025.05.27"]
[Round "4"]
[White "Shogdzhiev, Roman"]
[Black "Beniosev, Daniel"]
[Result "1-0"]
[WhiteTitle "FM"]
[BlackTitle "CM"]
[WhiteElo "2329"]
[BlackElo "2010"]
[WhiteFideId "55653537"]
[BlackFideId "11632674"]
[EventDate "2025.05.27"]

1. e4 c5 2. c3 d5 3. exd5 Qxd5 4. Nf3 e6 5. d4 Nf6 6. Na3 Qd8 7. Be2 Be7 8. O-O
O-O 9. dxc5 Bxc5 10. Nc4 Nc6 11. Qxd8 Rxd8 12. Be3 Bxe3 13. Nxe3 b6 14. Rad1 Bb7
15. Bb5 Kf8 16. Bxc6 Bxc6 17. Nd4 Bb7 18. Rfe1 g5 19. Nc4 h5 20. Ne5 Rd6 21. f3
Rad8 22. Kf2 g4 23. Kg3 gxf3 24. gxf3 a6 25. Kh4 Nd5 26. Kxh5 f6 27. Ng6+ Kf7
28. Nxe6 Rxe6 29. Rxe6 Nf4+ 30. Nxf4 Bxf3+ 31. Kh4 Bxd1 32. Rxb6 Rd2 33. Kg3 Rc2
34. h4 Rd2 35. h5 Kg7 36. Ne6+ Kh6 37. Nc5 Kxh5 38. Rxf6 Rxb2 39. Rxa6 Rc2 40.
Ne4 1-0

[Event "Titled Tue 27th May Early"]
[Site "chess.com INT"]
[Date "2025.05.27"]
[Round "4"]
[White "Souleidis, Georgios"]
[Black "Sabatier, Mathis"]
[Result "1-0"]
[WhiteTitle "IM"]
[BlackTitle "CM"]
[WhiteElo "2418"]
[BlackElo "2235"]
[WhiteFideId "4206827"]
[BlackFideId "26029685"]
[EventDate "2025.05.27"]

1. e4 e5 2. Nc3 Nf6 3. d4 exd4 4. Qxd4 Nc6 5. Qd3 Bb4 6. Bd2 O-O 7. O-O-O Re8 8.
Nge2 d6 9. Bg5 h6 10. Bxf6 Qxf6 11. Nd5 Qd8 12. Nxb4 Nxb4 13. Qd2 Nc6 14. f3 a5
15. Nf4 a4 16. a3 Ne5 17. Be2 Bd7 18. h4 b5 19. g4 Nc4 20. Bxc4 bxc4 21. Qc3 Rb8
22. Nh5 Re5 23. f4 Bxg4 24. fxe5 Bxh5 25. Rdg1 Qf8 26. exd6 cxd6 27. Rg3 Bg6 28.
Rhg1 h5 29. Qxc4 Kh7 30. Qd4 Rb5 31. Rg5 Rxg5 32. Rxg5 Qe7 33. Qxa4 Qe6 34. Qb5
Qh3 35. Rxh5+ Bxh5 36. Qxh5+ Kg8 37. b3 Qf1+ 38. Kb2 Qe1 39. Qg4 Qd2 40. a4 Qd4+
41. Kb1 Qd1+ 42. Kb2 Qd4+ 43. Kb1 Qd1+ 44. Qxd1 1-0

[Event "Titled Tue 27th May Early"]
[Site "chess.com INT"]
[Date "2025.05.27"]
[Round "4"]
[White "Gutierrez Olivares, Daniel"]
[Black "Azizoglu, Ferzan"]
[Result "0-1"]
[WhiteTitle "FM"]
[WhiteElo "2354"]
[BlackElo "2055"]
[WhiteFideId "2264005"]
[BlackFideId "6302726"]
[EventDate "2025.05.27"]

1. Nf3 Nf6 2. g3 g6 3. Bg2 Bg7 4. O-O O-O 5. d3 d6 6. Nbd2 c5 7. e4 Nc6 8. c3
Rb8 9. Re1 Nd7 10. h4 b5 11. Nb3 b4 12. d4 bxc3 13. bxc3 cxd4 14. cxd4 Ba6 15.
Be3 Nb4 16. Qd2 Nf6 17. Nh2 d5 18. Nc5 Bc4 19. e5 Nd7 20. Nxd7 Qxd7 21. Bh6 Bxh6
22. Qxh6 Nc2 23. e6 fxe6 24. Bh3 Nxe1 25. Rxe1 Rb6 26. h5 Rf6 27. Ng4 Bd3 28.
Ne5 Qb5 29. a4 Qb3 30. Nd7 Qb4 31. Re3 Qd2 32. Nxf6+ exf6 33. Bxe6+ Rxe6 34.
Rxe6 Qxh6 0-1

[Event "Titled Tue 27th May Early"]
[Site "chess.com INT"]
[Date "2025.05.27"]
[Round "4"]
[White "Frempong-Smart Daniel"]
[Black "Barrientos, Ernesto"]
[Result "0-1"]
[WhiteTitle "CM"]
[BlackTitle "CM"]
[WhiteElo "1841"]
[BlackElo "2027"]
[WhiteFideId "12601659"]
[BlackFideId "3701247"]
[EventDate "2025.05.27"]

1. d4 d5 2. Nf3 e6 3. g3 Be7 4. Bg2 Nf6 5. O-O O-O 6. c4 c5 7. cxd5 exd5 8. Nc3
cxd4 9. Nxd4 Nc6 10. Bf4 Bg4 11. Rc1 Rc8 12. h3 Bh5 13. Nf5 Re8 14. Nxe7+ Rxe7
15. g4 Bg6 16. Bg5 d4 17. Bxf6 gxf6 18. Nd5 Re5 19. Nf4 Qb6 20. Qd2 Rce8 21.
Rfe1 Kg7 22. Rc4 Qb5 23. b3 Qa6 24. Bxc6 bxc6 25. Rxd4 Be4 26. e3 Bd5 27. Nxd5
cxd5 28. Rxd5 Rxd5 29. Qxd5 Qxa2 30. Qd7 Re5 31. Qd4 Qxb3 32. Qxa7 Qc3 33. Qa1
Qd2 34. Rd1 Qe2 35. Qd4 Qf3 36. Rf1 Re4 0-1

[Event "Titled Tue 27th May Early"]
[Site "chess.com INT"]
[Date "2025.05.27"]
[Round "4"]
[White "Pournami S"]
[Black "Terlouw, Wouter"]
[Result "0-1"]
[WhiteTitle "WCM"]
[BlackTitle "CM"]
[WhiteElo "1782"]
[BlackElo "2227"]
[WhiteFideId "25732439"]
[BlackFideId "1087401"]
[EventDate "2025.05.27"]

1. d4 Nf6 2. c4 e6 3. Nc3 d5 4. Nf3 Be7 5. Bg5 O-O 6. e3 h6 7. Bh4 a6 8. cxd5
exd5 9. Bd3 Be6 10. O-O Nbd7 11. Ne5 Nxe5 12. dxe5 Nd7 13. Bxe7 Qxe7 14. f4 f6
15. f5 Nxe5 16. fxe6 c6 17. Bf5 g6 18. Bh3 f5 19. Na4 Qxe6 20. Nc5 Qe7 21. Nd3
Nc4 22. Re1 Nxe3 23. Qd2 d4 24. Nf4 Qf6 25. g3 Rad8 26. Ng2 Nd5 27. Rad1 c5 28.
Qc2 b6 29. a4 Kg7 30. Qb3 Nb4 31. Qe6 Qxe6 32. Rxe6 Rf6 33. Nf4 Rd6 34. Re7+ Rf7
35. Re8 Nd5 36. Ne6+ Kf6 37. Nf8 Ne3 38. Re4 Nxd1 0-1

[Event "Titled Tue 27th May Early"]
[Site "chess.com INT"]
[Date "2025.05.27"]
[Round "4"]
[White "Mohamed, Anees M"]
[Black "Wijerathna, Vinuka Dihain"]
[Result "0-1"]
[WhiteTitle "FM"]
[BlackTitle "CM"]
[WhiteElo "2414"]
[BlackElo "2063"]
[WhiteFideId "35065815"]
[BlackFideId "29981905"]
[EventDate "2025.05.27"]

1. Nf3 d5 2. g3 Nd7 3. d4 Ngf6 4. Bg2 e6 5. O-O b5 6. a4 b4 7. c4 bxc3 8. Nxc3
Ba6 9. Re1 Bb4 10. Bf4 O-O 11. Rc1 c6 12. Nd2 Rc8 13. Qb3 Qb6 14. Bf1 c5 15.
dxc5 Nxc5 16. Qd1 d4 17. Na2 Bxd2 18. Bxd2 Nb3 19. Rxc8 Rxc8 20. Bb4 Bc4 21. e3
dxe3 22. Rxe3 Bxf1 23. Qxf1 Nd4 24. Bc3 Nf5 25. Rd3 Ne4 26. Qe2 Qb7 27. Nb4 a5
28. Nc2 Ng5 29. Qg4 f6 30. h4 Ne4 31. Qf3 Qc6 0-1

[Event "Titled Tue 27th May Early"]
[Site "chess.com INT"]
[Date "2025.05.27"]
[Round "4"]
[White "Shubenkova, Veronika"]
[Black "Alvarez Leon, Luis"]
[Result "1-0"]
[WhiteTitle "WFM"]
[BlackTitle "FM"]
[WhiteElo "2024"]
[BlackElo "2178"]
[WhiteFideId "44124040"]
[BlackFideId "3600351"]
[EventDate "2025.05.27"]

1. e4 c5 2. Nc3 Nc6 3. g3 h5 4. Bg2 h4 5. gxh4 Rxh4 6. Nf3 Rh8 7. d4 cxd4 8.
Nxd4 e6 9. Be3 a6 10. Qd2 Qc7 11. h4 Nf6 12. O-O-O Bb4 13. Nb3 b5 14. a3 Be7 15.
f4 Bb7 16. e5 Ng4 17. Bc5 Rc8 18. Bd6 Bxd6 19. exd6 Qb6 20. Rde1 Kf8 21. f5 b4
22. axb4 Nxb4 23. Bxb7 Qxb7 24. fxe6 dxe6 25. d7 Rd8 26. Nc5 Qc6 27. N3e4 Nd5
28. Qg5 Ngf6 29. Rhg1 Rh7 30. c4 Ne7 31. Rgf1 Rh5 32. Qe3 Nxe4 33. Nxe4 Qxc4+
34. Kb1 Rxd7 35. Ng5 Rxg5 36. hxg5 Qd3+ 37. Qxd3 Rxd3 38. Rxe6 Rd1+ 39. Rxd1
fxe6 40. Rd6 Kf7 41. Rxa6 Nd5 42. Rd6 Nf4 43. b4 Ke7 44. Rd1 Nd5 45. Rxd5 exd5
46. Kc2 Ke6 47. Kd3 Kd6 48. Kd4 Kc6 49. g6 Kd6 50. b5 Ke6 51. b6 Kd6 52. b7 Kc7
53. Kxd5 Kxb7 54. Ke6 Kc6 55. Kf7 Kd7 56. Kxg7 Ke7 57. Kh8 1-0

[Event "Titled Tue 27th May Early"]
[Site "chess.com INT"]
[Date "2025.05.27"]
[Round "4"]
[White "Barria Zuniga, Daniel"]
[Black "Calvo Gonzalez, Jose Felix"]
[Result "1-0"]
[WhiteTitle "IM"]
[BlackTitle "CM"]
[WhiteElo "2341"]
[BlackElo "2168"]
[WhiteFideId "3400816"]
[BlackFideId "54505615"]
[EventDate "2025.05.27"]

1. d4 Nf6 2. c4 g6 3. Nc3 d5 4. Bf4 Bg7 5. e3 O-O 6. Rc1 dxc4 7. Bxc4 c5 8. dxc5
Qa5 9. Nf3 Qxc5 10. Bb3 Nc6 11. O-O Qa5 12. h3 Bf5 13. Qe2 e5 14. Bh2 Nd7 15. g4
Be6 16. Bxe6 fxe6 17. Ng5 Nc5 18. a3 Bh6 19. Nge4 Nxe4 20. Nxe4 Rad8 21. Rfd1
Qa4 22. Nc5 Qa5 23. Qc4 Nd4 24. exd4 Bxc1 25. Qxe6+ Rf7 26. Nxb7 Qa4 27. Rxc1
Qxd4 28. Bg3 Qd7 29. Nc5 Qxe6 30. Nxe6 Rb8 31. b4 Re7 32. Ng5 Rd8 33. Ne4 Rd3
34. Rc5 Rxa3 35. Bxe5 h6 36. g5 hxg5 37. Nxg5 1-0

[Event "Titled Tue 27th May Early"]
[Site "chess.com INT"]
[Date "2025.05.27"]
[Round "4"]
[White "Masague Artero, Guerau"]
[Black "Lacasa Diaz, Josep Anton"]
[Result "1/2-1/2"]
[WhiteTitle "FM"]
[BlackTitle "IM"]
[WhiteElo "2326"]
[BlackElo "2304"]
[WhiteFideId "32098952"]
[BlackFideId "2203375"]
[EventDate "2025.05.27"]

1. e4 e5 2. Nc3 Nf6 3. Bc4 c6 4. d4 exd4 5. Qxd4 d6 6. Bf4 Be6 7. O-O-O Bxc4 8.
Qxc4 Nbd7 9. Bxd6 Bxd6 10. Rxd6 Qe7 11. Rd2 O-O 12. f3 b5 13. Qxc6 b4 14. Nd5
Nxd5 15. Qxd5 Nb6 16. Qb5 Rad8 17. Rxd8 Rxd8 18. Ne2 Qd6 19. Kb1 Qd2 20. Rc1 h6
21. h4 Qe3 22. Ng3 Qf2 23. Nf5 Qxg2 24. Qxb4 Qxf3 25. a4 Re8 26. a5 Nd7 27. Rg1
g6 28. Qd6 Ne5 29. Nxh6+ Kh7 30. Nf5 gxf5 31. Qf6 Rg8 32. Rxg8 Kxg8 33. Qxe5
fxe4 34. Qg5+ Kf8 35. Qd8+ Kg7 36. Qg5+ Kf8 37. Qd8+ Kg7 38. Qg5+ Kf8 1/2-1/2

[Event "Titled Tue 27th May Early"]
[Site "chess.com INT"]
[Date "2025.05.27"]
[Round "4"]
[White "Sadubayev, Airat"]
[Black "Noy, Eyal"]
[Result "1-0"]
[WhiteTitle "FM"]
[BlackTitle "FM"]
[WhiteElo "2211"]
[BlackElo "2346"]
[WhiteFideId "13713264"]
[BlackFideId "2821117"]
[EventDate "2025.05.27"]

1. d4 Nf6 2. c4 e6 3. Nf3 d5 4. g3 Bb4+ 5. Bd2 Be7 6. Bg2 O-O 7. O-O c6 8. Qc2
b6 9. cxd5 cxd5 10. Bf4 Nbd7 11. Rc1 Ba6 12. Nc3 Rc8 13. Qa4 Bb7 14. Qxa7 Bc6
15. a4 g5 16. Nxg5 e5 17. dxe5 Ra8 18. Qxa8 Bxa8 19. exf6 Bxf6 20. Nf3 Nc5 21.
Rd1 Re8 22. Be3 Nb3 23. Rab1 d4 24. Nxd4 Bxg2 25. Nxb3 Qa8 26. Nd4 Bh3 27. Nf3
Kg7 28. Nd5 Bd8 29. Nxb6 Bxb6 30. Bxb6 Bf5 31. Rbc1 Rxe2 32. Nd4 Bh3 33. Nc6 1-0

[Event "Titled Tue 27th May Early"]
[Site "chess.com INT"]
[Date "2025.05.27"]
[Round "4"]
[White "Sarasketa Irastortza, Oier"]
[Black "Aung Thant Zin"]
[Result "0-1"]
[WhiteTitle "CM"]
[BlackTitle "FM"]
[WhiteElo "2190"]
[BlackElo "2268"]
[WhiteFideId "54728207"]
[BlackFideId "13000063"]
[EventDate "2025.05.27"]

1. d4 Nf6 2. c4 e6 3. Nf3 b6 4. g3 Ba6 5. Nbd2 Bb7 6. Bg2 Be7 7. O-O O-O 8. b3
Ne4 9. Bb2 Nxd2 10. Qxd2 Be4 11. Rac1 f5 12. Ne5 Bxg2 13. Kxg2 d6 14. Nf3 Nd7
15. Rfe1 Bf6 16. e4 fxe4 17. Rxe4 Qe8 18. Rce1 Qh5 19. Rxe6 Rf7 20. Re8+ Rxe8
21. Rxe8+ Nf8 22. Qe3 c5 23. Nd2 Bxd4 24. Bxd4 cxd4 25. Qxd4 Rxf2+ 26. Kxf2 Qxe8
27. Qxd6 Qf7+ 28. Kg2 h6 29. Nf3 Ne6 30. Ne5 Qf6 31. Qd5 h5 32. Nd3 Kh7 33.
Qxh5+ Kg8 34. Qe5 Qg6 35. Nf4 Qc2+ 36. Qe2 Nxf4+ 0-1

[Event "Titled Tue 27th May Early"]
[Site "chess.com INT"]
[Date "2025.05.27"]
[Round "4"]
[White "Chan, Kim Yew"]
[Black "Tekeyev, Zaur"]
[Result "0-1"]
[WhiteTitle "FM"]
[BlackTitle "IM"]
[WhiteElo "2304"]
[BlackElo "2417"]
[WhiteFideId "5717981"]
[BlackFideId "4199731"]
[EventDate "2025.05.27"]

1. c4 e5 2. Nc3 Nc6 3. g3 Bc5 4. Bg2 d6 5. e3 a6 6. Nge2 Ba7 7. d4 h5 8. h4 Bg4
9. d5 Nce7 10. O-O g5 11. hxg5 Nf5 12. Qd3 h4 13. f3 hxg3 14. fxg4 Nh4 15. Nxg3
Qxg5 16. Qe2 Nf6 17. Nce4 Nxe4 18. Nxe4 Qg6 19. Nf6+ Ke7 20. Bd2 Rh6 21. b4 Rah8
22. c5 Nxg2 23. Qxg2 Qd3 24. Nh5 Rg8 25. Ng3 Ke8 26. Qe2 Qh7 27. Kf2 Rh2+ 28.
Kf3 Rxe2 29. Nxe2 Qd3 30. Rad1 dxc5 31. Bc1 Qg6 32. Rg1 cxb4 0-1

[Event "Titled Tue 27th May Early"]
[Site "chess.com INT"]
[Date "2025.05.27"]
[Round "4"]
[White "Birkisson, Bjorn Holm"]
[Black "Tan, Jun Ying"]
[Result "1-0"]
[WhiteTitle "CM"]
[BlackTitle "FM"]
[WhiteElo "2123"]
[BlackElo "2414"]
[WhiteFideId "2310600"]
[BlackFideId "5710413"]
[EventDate "2025.05.27"]

1. Nf3 c5 2. e3 Nf6 3. b3 g6 4. Bb2 Bg7 5. Be2 d5 6. c4 dxc4 7. bxc4 O-O 8. O-O
Nc6 9. d3 Bf5 10. Qb3 Qc7 11. Rd1 Rad8 12. Nc3 a6 13. Rac1 Rfe8 14. d4 Na5 15.
Qa4 Bd7 16. Qa3 b6 17. Nd5 Nxd5 18. cxd5 c4 19. Bc3 Bb5 20. Bxa5 bxa5 21. e4 Qf4
22. Qe3 Qxe3 23. fxe3 Rc8 24. Ne5 Bxe5 25. dxe5 c3 26. Kf2 Bxe2 27. Kxe2 Rc4 28.
Kd3 Rec8 29. Rc2 Ra4 30. Rxc3 Rxc3+ 31. Kxc3 Rxe4 32. d6 exd6 33. exd6 Rxe3+ 34.
Kc4 Re8 35. d7 Rd8 36. Kc5 Kf8 37. Kd6 Ra8 38. Rc1 Kg7 39. Rc8 1-0

[Event "Titled Tue 27th May Early"]
[Site "chess.com INT"]
[Date "2025.05.27"]
[Round "4"]
[White "Ismagilov, Damir"]
[Black "Klukin, Kirill"]
[Result "0-1"]
[WhiteTitle "CM"]
[BlackTitle "IM"]
[WhiteElo "2173"]
[BlackElo "2407"]
[WhiteFideId "34199982"]
[BlackFideId "24199273"]
[EventDate "2025.05.27"]

1. d4 e6 2. c4 f5 3. Nc3 Nf6 4. a3 g6 5. h4 Bg7 6. Nf3 O-O 7. Bf4 d6 8. e3 Qe7
9. Qc2 Nbd7 10. O-O-O b6 11. Nb5 a6 12. Nxc7 Ra7 13. Nxe6 Qxe6 14. c5 d5 15. c6
Nh5 16. Ng5 Qe7 17. cxd7 Bxd7 18. Qb3 Nxf4 19. exf4 Qd6 20. g3 Rc7+ 21. Kb1 a5
22. Bg2 Rc4 23. Rc1 Rxd4 24. Nf3 Ba4 25. Qa2 Re4 26. Ne5 Bxe5 27. Bxe4 fxe4 28.
fxe5 Qxe5 29. b3 Bb5 30. Qb2 Bd3+ 31. Ka1 Qxb2+ 32. Kxb2 Rxf2+ 33. Kc3 Ba6 34.
Kd4 Rd2+ 35. Ke5 e3 36. h5 gxh5 37. Rxh5 e2 38. Rhh1 Rd3 39. g4 Kg7 40. Rhe1
Rxb3 41. Kxd5 Rxa3 42. Kc6 Rb3 43. Kc7 Bd3 44. Rc6 a4 45. Rxb6 Rxb6 46. Kxb6 a3
47. Kc5 a2 48. Kd4 Bb1 0-1

[Event "Titled Tue 27th May Early"]
[Site "chess.com INT"]
[Date "2025.05.27"]
[Round "4"]
[White "Gharibyan, Mamikon"]
[Black "Karimova, Guldona"]
[Result "1-0"]
[WhiteTitle "GM"]
[BlackTitle "WIM"]
[WhiteElo "2472"]
[BlackElo "2265"]
[WhiteFideId "13308300"]
[BlackFideId "14210410"]
[EventDate "2025.05.27"]

1. d4 Nf6 2. c4 e6 3. Nf3 b6 4. g3 Bb7 5. Bg2 Be7 6. O-O O-O 7. Re1 Na6 8. a3 d5
9. cxd5 exd5 10. Nc3 c5 11. Bf4 Ne4 12. Rc1 Bf6 13. e3 Nc7 14. Be5 Ne6 15. dxc5
bxc5 16. Bxf6 Nxf6 17. b4 Rc8 18. bxc5 Rxc5 19. Qb3 Ba8 20. Red1 Qa5 21. Ne2
Rfc8 22. Rxc5 Nxc5 23. Qb4 Qxb4 24. axb4 Ne6 25. Ra1 Rc7 26. Nfd4 Rb7 27. b5 h6
28. Ra5 Rc7 29. b6 Rc8 30. Rxa7 Nxd4 31. Nxd4 Rc1+ 32. Bf1 Bc6 33. Rc7 1-0